000 00401cam a2200157ua 4500
001 6053
008 131031n ii |||gr||||Z||||||eng
020 _a81-207-0814-8
040 _cMAIN
082 _a900
100 1 _aYuri Gankovsky,
_eEditor.
245 1 1 _aGreat October Revolution and the Middle East
260 _aDelhi:
_bSterling Publishers,
_c1988.
653 _aHistory & geography
942 _cBK
999 _c5206
_d5206